Teuerste Abgänge von FC Arsenal - Statistiken

Allgemein
  • Dieses Quiz wurde 21 mal gespielt
  • Das Durchschnittsergebnis liegt bei 4 aus 15
Antwortstatistiken
Hint Antwort % Korrekt
14 Thierry Henry
100%
6 Robin Van Persie
80%
4 Cesc Fabregas
53%
5 Emil Smith Rowe
33%
3 Alexis Sanchez
27%
15 Theo Walcott
27%
9 Eddie Nketiah
20%
12 Emmanuel Adebayor
20%
7 Alex Iwobi
13%
1 Alex Oxlade Chamberlain
7%
8 Folarin Balogun
7%
10 Joe Willock
7%
11 Marc Overmars
7%
2 Nicolas Anelka
7%
13 Samir Nasri
7%
Keine übereinstimmenden Quizze gefunden
Verteilung der Resultate
Anzahl Personen mit jedem Resultat
Perzentil nach korrekt beantworteten Fragen
Ihre Resultats-Entwicklung
Sie haben dieses Quiz noch nicht gespielt